| 000 | 00988nam a2200229 a 4500 | ||
|---|---|---|---|
| 005 | 20210219160137.0 | ||
| 008 | 080818s1988 mx r 000 0 spa d | ||
| 035 | _aUPN01000159299 | ||
| 049 | _aUNE | ||
| 080 | _a362.7: 371.7 (668.2) =20EAR No.181. | ||
| 245 | 0 | 4 |
_aThe Early chidhood development centres in Benin : _ba national health care and education programme for three- to five-year old children / _cby The International Children's Centre. |
| 260 |
_aParís : _bUNESCO, _aNew York : _bUNICEF, _c1988. |
||
| 300 |
_a29 p. : _bil., retrs. |
||
| 440 | 0 |
_aNotes, comments... ; _v181 |
|
| 500 | _aPrograma de cooperación UNESCO / UNICEF / WFP. | ||
| 690 | _aBenin (Republica) - Centros comunitarios - Psicologia del niño | ||
| 690 | _aNiños - Centros comunitarios - Desarrollo mental | ||
| 690 | _aServicios sanitarios - Infancia - Benin (Republica) | ||
| 710 | 2 | _aPrograma de Alimentación Mundial | |
| 710 | 2 | _aThe International Children's Centre (Paris) | |
| 905 | _aUNESCO | ||
| 999 |
_c131413 _d131413 |
||